О процессах поглощения торфом аммиачного азота; Добыча, переработка и использование торфа

التفاصيل البيبلوغرافية
Parent link:Добыча, переработка и использование торфа.— 1971.— С. 123-130
المؤلف الرئيسي: Чекалов К. И.
مؤلفون آخرون: Бакушева В. И.
اللغة:الروسية
منشور في: 1971
التنسيق: MixedMaterials فصل الكتاب
KOHA link:https://koha.lib.tpu.ru/cgi-bin/koha/opac-detail.pl?biblionumber=206452

MARC

LEADER 00000naa2a2200000 4500
001 206452
005 20231031190720.0
035 |a (RuTPU)RU\TPU\book\225056 
035 |a RU\TPU\book\225053 
090 |a 206452 
100 |a 20120111d1971 k y0rusy50 ca 
101 0 |a rus 
102 |a RU 
200 1 |a О процессах поглощения торфом аммиачного азота  |f К. И. Чекалов, В. И. Бакушева 
320 |a Библиогр.: с. 130 (8 назв.) 
463 0 |0 (RuTPU)RU\TPU\book\225023  |t Добыча, переработка и использование торфа  |f Всесоюзный научно-исследовательский институт торфяной промышленности  |v С. 123-130  |d 1971  |p 150 с.  |s Труды Всесоюзного научно-исследовательского института торфяной промышленности ; Вып. 31 
700 1 |a Чекалов  |b К. И. 
701 1 |a Бакушева  |b В. И. 
801 1 |a RU  |b 63413507  |c 20120111 
801 2 |a RU  |b 63413507  |c 20120111  |g RCR 
942 |c BK